Dodd and Dodd v Stanstead Airport Ltd (Record no. 55096)

MARC details
000 -LEADER
fixed length control field 01940cab a2200301 4500
001 - CONTROL NUMBER
control field ABS59031
008 - FIXED-LENGTH DATA ELEMENTS--GENERAL INFORMATION
fixed length control field 090401t1998 xxu||||| |||| 00| 0 eng d
035 ## - SYSTEM CONTROL NUMBER
System control number (Sirsi) u87360
041 ## - LANGUAGE CODE
Language code of text/sound track or separate title eng
245 ## - TITLE STATEMENT
Title Dodd and Dodd v Stanstead Airport Ltd
260 ## - PUBLICATION, DISTRIBUTION, ETC.
Date of publication, distribution, etc. 1998
350 ## - PRICE (NR) (BK AM CF MU VM SE) [OBSOLETE]
Price 0
490 ## - SERIES STATEMENT
Series statement Rating & Valuation Reporter
Volume/sequential designation [1998] RVR 107-119(13)
520 ## - SUMMARY, ETC.
Summary, etc. LT 19 March 1998. On 19 March 1991, the relevant date for the purposes of the Land Compensation Act 1973, S completed certain works at Stanstead Airport. D signed a contract to sell their property on 3 October 1991 and on 7 October 1991 submitted a claim for compensation. Contracts were exchanged on 11 October 1991. On 24 May 1996 S`s surveyor made a without prejudice offer of £25,500 subject to the interest being acquired before 19 March 1991 and that at the date of the claim D was the owner occupier. D maintained that S3 of the Act provided that a claim could be made earlier than the first claim day - 12 months after the relevant date - ifthe claimant had during the 12 month period contracted to dispose of his interest and the claim was made before the interest was disposed of. "Held" compensation was payable, although the claim was not submitted in accordance with s3, as the claim had proceeded for nearly 5 years on the basis of a shared assumption that the claim was validly mad
650 ## - SUBJECT ADDED ENTRY--TOPICAL TERM
Topical term or geographic name entry element AMALGAMATED INVESTMENT AND PROPERTY CO V TEXAS COMMERCE INTERNATIONAL
650 ## - SUBJECT ADDED ENTRY--TOPICAL TERM
Topical term or geographic name entry element COMPENSATION
650 ## - SUBJECT ADDED ENTRY--TOPICAL TERM
Topical term or geographic name entry element ESTOPPEL BY CONVENTION
650 ## - SUBJECT ADDED ENTRY--TOPICAL TERM
Topical term or geographic name entry element EXCHANGE OF CONTRACTS
650 ## - SUBJECT ADDED ENTRY--TOPICAL TERM
Topical term or geographic name entry element FIRST CLAIM DAY
650 ## - SUBJECT ADDED ENTRY--TOPICAL TERM
Topical term or geographic name entry element JOHN V GEORGE & WALTON
650 ## - SUBJECT ADDED ENTRY--TOPICAL TERM
Topical term or geographic name entry element KAMMINS BALLROOMS CO V ZENITH INVESTMENTS (TORQUAY)
650 ## - SUBJECT ADDED ENTRY--TOPICAL TERM
Topical term or geographic name entry element OWNER-OCCUPIERS
650 ## - SUBJECT ADDED ENTRY--TOPICAL TERM
Topical term or geographic name entry element PHYSICAL FACTORS
650 ## - SUBJECT ADDED ENTRY--TOPICAL TERM
Topical term or geographic name entry element RELEVANT DATES
690 ## - LOCAL SUBJECT ADDED ENTRY--TOPICAL TERM (OCLC, RLIN)
Topical term or geographic name as entry element ENVIRONMENTAL AND LAND CONSULTANCY-PLANNING AND DEVELOPMENT-COMPULSORY PURCHASE AND COMPENSATION
942 ## - ADDED ENTRY ELEMENTS (KOHA)
Suppress in OPAC 0
948 ## - LOCAL PROCESSING INFORMATION (OCLC); SERIES PART DESIGNATOR (RLIN)
c (OCLC) 13/07/1998
Holdings
Withdrawn status Lost status Source of classification or shelving scheme Damaged status Not for loan Home library Current library Shelving location Date acquired Total Checkouts Full call number Barcode Date last seen Copy number Price effective from Koha item type
    Dewey Decimal Classification     London London Journal article 14/09/1999   ABS59031 87360-1001 06/08/2019 1 06/08/2019 Law report